حلوى من السماء / (رقم التسجيلة. 31477)

تفاصيل مارك
000 -LEADER
fixed length control field 00590nam a22001937a 4500
005 - DATE AND TIME OF LATEST TRANSACTION
control field 20251108165807.0
008 - FIXED-LENGTH DATA ELEMENTS--GENERAL INFORMATION
fixed length control field 250721s1988 xx 000 0 ara d
082 14 - DEWEY DECIMAL CLASSIFICATION NUMBER
Classification number ط/211.85
100 1# - MAIN ENTRY--PERSONAL NAME
Personal name المحامي، محمد كامل حسن
245 10 - TITLE STATEMENT
Title حلوى من السماء /
264 1# - PRODUCTION, PUBLICATION, DISTRIBUTION, MANUFACTURE, AND COPYRIGHT NOTICE
Place of production, publication, distribution, manufacture بيروت :
Name of producer, publisher, distributor, manufacturer المكتب العالمي للطباعة،
Date of production, publication, distribution, manufacture, or copyright notice [1988].
300 ## - PHYSICAL DESCRIPTION
Extent 99ص
490 0# - SERIES STATEMENT
Series statement قصص من القرآن الكريم
650 17 - SUBJECT ADDED ENTRY--TOPICAL TERM
Topical term or geographic name as entry element قصص القرآن
650 17 - SUBJECT ADDED ENTRY--TOPICAL TERM
Topical term or geographic name as entry element اليهود
653 ## - INDEX TERM--UNCONTROLLED
Uncontrolled term ناشئون كبار (15-18 سنة)
942 ## - ADDED ENTRY ELEMENTS (KOHA)
Source of classification or shelving scheme Dewey Decimal Classification
Koha item type كتب
المقتنيات
حالة السحب حالة الفقدان مصدر التصنيف حالة التلف غير قابل للإعارة المكتبة الرئيسية المكتبة الحالية موقع الرف تاريخ التزويد الرقم المتسلسل Total Checkouts رقم الإستدعاء تاريخ آخر ظهور تاريخ الفاتورة نوع المادة (كوها) الباركود
    Dewey Decimal Classification     مكتبة أم المؤمنين للأطفال مكتبة أم المؤمنين للأطفال الأطفال 28/07/2025 430100   ط/211.85 28/07/2025 28/07/2025 كتب 430100
    Dewey Decimal Classification     مكتبة أم المؤمنين للأطفال مكتبة أم المؤمنين للأطفال الأطفال 28/07/2025 1045413   ط/211.85 28/07/2025 28/07/2025 كتب 1045413
    Dewey Decimal Classification     مكتبة الاميرة بديعة مكتبة الاميرة بديعة الأطفال 07/07/2015 [2434].   ط/211.85 28/07/2025 07/07/2015 كتب PLD00336811
    Dewey Decimal Classification Unchecked   مكتبة الجويدة مكتبة الجويدة الأطفال 06/07/2004 579   ط/211.85 28/07/2025 06/07/2004 كتب  
    Dewey Decimal Classification Unchecked   مكتبة النصر العامة مكتبة النصر العامة الأطفال 06/07/2004 5423   ط/211.85 28/07/2025 06/07/2004 كتب  
    Dewey Decimal Classification Unchecked   مكتبة حمزة العامة مكتبة حمزة العامة الأطفال 06/07/2004 3120   ط/211.85 28/07/2025 06/07/2004 كتب  
Implemented & Customized by: BBB with SCIT (Smart Chains for Information Technology)

Powered by Koha